000 00789nam a22002177a 4500
999 _c9500
_d9500
008 180705b ||||| |||| 00| 0 eng d
020 _a978-1-305-50100-3
082 _22017
_aDC 370.1523
_bN712
100 _928234
_aNilsen, Barbara Ann.
245 _aWeek by week:
_bplans for documenting children's development/
_cBarbara Ann Nilsen
250 _aSeventh Edition
260 _aAustralia:
_bCENGAGE Learning,
_c©2017.
300 _avi, 503 pages:
_bcolor Illustrations;
_c27 cm.
500 _aIncludes bibliographical references and index.
650 0 _928235
_aBehavioral assessment of children
650 0 _928239
_aObservation (Educational method)
650 0 _928240
_aChild development
650 0 _928238
_aObservation (Psychology)
365 _b7,918.20
_cPhp.
942 _2ddc
_cDC